Nursing aid Artificial kidney dialysis unit and operation theater techniques

Uloženo v:
Podrobná bibliografie
Hlavní autor: CORREIA, Cecilia
Médium: Kniha
Jazyk:angličtina
Vydáno: CBS Publishers 2016
Tagy: Přidat tag
Žádné tagy, Buďte první, kdo vytvoří štítek k tomuto záznamu!

MARC

LEADER 00000nam a22000007a 4500
008 240606b |||||||| |||| 00| 0 eng d
020 |a 9788123928487 
100 |a CORREIA, Cecilia 
245 |a Nursing aid  |b Artificial kidney dialysis unit and operation theater techniques  |c Cecilia Correia  |g xii, 186p 
260 |b CBS Publishers  |c 2016  |h New Delhi  |i 701108  |i 701109  |l RD32.3C81  |m Operating room nursing   |m Surgical nursing  
500 |a It includes index 
942 |a lcc  |c BK  |e Adeyemo O.O  |f 06/06/2024 
952 |0 0  |1 0  |2 lcc  |4 0  |6 RD00323 C81  |7 0  |9 5254  |a HE  |b HOL  |c QZ  |d 2024-06-06  |l 0  |o RD32.3C81  |p 2024-0498  |r 2024-06-06 00:00:00  |t 701108  |w 2024-06-06  |y BK 
952 |0 0  |1 0  |2 lcc  |4 0  |6 RD00323 C81  |7 0  |9 5255  |a HOL  |b HOL  |c QZ  |d 2024-06-06  |l 0  |o RD32.3C81  |p 2024-0500  |r 2024-06-06 00:00:00  |t 701109  |w 2024-06-06  |y BK 
999 |c 2605  |d 2605